Wyniki MŚ 2022 - Statystyki

Ogólne statystyki
  • Ten quiz został rozwiązany 178 razy
  • Średni wynik to 34 z 64
Statystyki odpowiedzi
Mecz Wynik % Poprawnych
Katar-Ekwador 0-2
94%
Argentyna-Arabia 1-2
77%
Meksyk-Polska 0-0
76%
Senegal-Holandia 0-2
68%
Anglia-Iran 6-2
67%
Polska-Argentyna 0-2
65%
Polska-Arabia 2-0
65%
USA-Walia 1-1
63%
Francja-Australia 4-1
63%
Hiszpania-Kostaryka 7-0
63%
Niemcy-Japonia 1-2
60%
Argentyna-Meksyk 2-0
60%
Francja-Polska 3-1
60%
Brazylia-Serbia 2-0
59%
Dania-Tunezja 0-0
57%
Belgia-Kanada 1-0
56%
Arabia-Meksyk 1-2
56%
Francja-Maroko 2-0
56%
Chorwacja-Maroko 2-1
56%
Maroko-Chorwacja 0-0
55%
Maroko-Portugalia 1-0
55%
Anglia-Francja 1-2
55%
Katar-Senegal 1-3
55%
Holandia-Katar 2-0
55%
Argentyna-Chorwacja 3-0
55%
Portugalia-Ghana 3-2
55%
Belgia-Maroko 0-2
52%
Holandia-Ekwador 1-1
52%
Hiszpania-Niemcy 1-1
52%
Argentyna-Australia 2-1
52%
Brazylia-Korea 4-1
52%
Szwajcaria-Kamerun 1-0
51%
Anglia-Senegal 3-0
51%
Walia-Iran 0-2
50%
Francja-Dania 2-1
50%
Japonia-Hiszpania 2-1
50%
Urugwaj-Korea 0-0
49%
Tunezja-Francja 1-0
49%
Portugalia-Urugwaj 2-0
49%
Chorwacja-Belgia 0-0
48%
Japonia-Kostaryka 0-1
48%
Iran-USA 0-1
48%
Walia-Anglia 0-3
48%
Brazylia-Szwajcaria 1-0
48%
Kamerun-Brazylia 1-0
48%
Kanada-Maroko 1-2
48%
Kostaryka-Niemcy 2-4
48%
Kamerun-Serbia 3-3
48%
Portugalia-Szwajcaria 6-1
48%
Korea-Portugalia 2-1
47%
Ekwador-Senegal 1-2
46%
Holandia-Usa 3-1
46%
Anglia-USA 0-0
44%
Australia-Dania 1-0
44%
Chorwacja-Brazylia 2-1
44%
Holandia-Argentyna 2-3
44%
Chorwacja-Kanada 4-1
44%
Argentyna-Francja 4-3
44%
Tunezja-Australia 0-1
43%
Maroko-Hiszpania 1-0
42%
Korea-Ghana 2-3
42%
Ghana-Urugwaj 0-2
40%
Serbia-Szwajcaria 2-3
40%
Japonia-Chorwacja 1-2
39%
Nie znaleziono quizów pasujących do podanych kryteriów
Rozkład punktacji
Procent ludzi z każdym wynikiem
Percentyl według liczby udzielonych odpowiedzi
Twoja historia wyników
Nie rozwiązałeś tego quizu